| 000 | 00472nam a2200181Ia 4500 | ||
|---|---|---|---|
| 001 | 13779 | ||
| 005 | 20260306164826.0 | ||
| 008 | 260306t2000||||xx |||||||||||||| ||spa|| | ||
| 041 | _aESP | ||
| 082 |
_aS 005.133J _bW23 |
||
| 100 |
_aWang, Paul S. _eAUT |
||
| 245 | 0 |
_aJava: _bcon programación orientada a objetos y aplicaciones en la WWW |
|
| 260 | _c2000 | ||
| 300 |
_axviii, 444 pƔginas : _c24 cm. |
||
| 650 | _aGEN | ||
| 654 | _aCCC | ||
| 942 |
_cLIB _dJUS _fJUS _2ddc _n |
||
| 999 |
_c13779 _d13779 |
||